000 00669nam a2200229Ia 4500
003 OSt
005 20220928111149.0
006 a|||||r|||| 00| 0
007 ta
008 220927b |||||||| |||| 00| 0 eng d
024 _a26959
037 _cReference Collections
040 _aSDCL
_cSDCL
_beng
041 _2eng
_aeng
082 _aO-,3M85,3, L7 RR
100 _aLawrence D H
245 0 _aSons and lovers
_b A facsimile of the manuscript.
260 _aBerkeley
_bUniversity of California Press
_c1977
300 _a624p
_ccm.
942 _hO-,3M85,3, L7 RR
_cREF
_2CC
999 _c738354
_d738354